MARC

LEADER 00000nam a22000007a 4500
001 28019
003 Arxiu
005 20260324181518.0
008 230620b spa||||| |||| 00| 0 cat d
017 |a B 15862-2021  |b Biblioteca de Catalunya 
020 |a 9788418857003 
020 |a 9788498039979 
040 |a agdb  |b cat 
041 |a cat 
240 |a Marina Mascarell, corporitzar el pensament  |l [català] 
245 |a Marina Mascarell, corporitzar el pensament /  |c Edició a cura de Rikka Laakso ; amb textos de Riikka Laakso, Bodil Persson, Ping Heng i Laura Kumin ; i el quadern de creació de Marina Mascarell 
250 |a Primera edició,  |b novembre del 2021 
260 |a Barcelona :   |b Comanegra :   |b Institut del Teatre :   |b Mercat de les Flors ;   |c 2021 
300 |a 133 pàgines ;   |b il·lustracions blanc i negre ;   |c 21 cm 
490 |a Paragrafies ;  |v 3 
504 |a Inclou referències bibliogràfiques. 
546 |a També en castellà (R. 28020) 
600 1 0 |9 56589  |a Mascarell, Marina,  |d 1980- 
650 0 |9 56590  |a Coreògrafes  |z Catalunya 
650 0 |9 56579  |a Coreògrafs  |z Catalunya 
700 1 |9 56589  |a Mascarell, Marina,  |d 1980-  |e quadern de creació 
700 1 |9 56591  |a Laakso, Riikka  |e editora literària  |e autora 
700 |9 56592  |a Persson, Bodil  |e autora 
700 |9 56593  |a Heng, Ping  |e autora 
700 |9 56594  |a Kumin, Laura  |e autora 
710 1 |9 52662  |a Institut del Teatre (Barcelona, Catalunya)  |e entitat editora 
710 2 |9 56582  |a Mercat de les Flors  |e entitat editora 
942 |2 udc  |c ARXIU  |n 1 
952 |0 0  |1 0  |2 udc  |4 0  |6 BIB1076  |7 1  |9 66503  |a Arxiu  |b Arxiu  |d 2023-06-20  |l 0  |o Bib-1076  |p 28019  |r 2023-06-20 00:00:00  |w 2023-06-20  |y ARXIU 
999 |c 83824  |d 83824